| 000 | 01324nam a2200337 i 4500 | ||
|---|---|---|---|
| 001 | 190772 | ||
| 003 | ES-MaACL | ||
| 005 | 20240229063327.0 | ||
| 008 | 220704s2020 sp a 001 0aspa | ||
| 017 |
_aMA 698-2020 _bOficina Depósito Legal Málaga |
||
| 020 | _a9788417974817 | ||
| 040 | _cES-MaACL | ||
| 080 | _a929 Palencia, Isabel de | ||
| 080 | _a821.111-94"19" | ||
| 100 | 1 |
_aPalencia, Isabel de, _d1878-1974 _9175865 _eaut |
|
| 245 | 1 | 0 |
_aHambre de libertad : _bmemorias de una embajadora republicana / _cIsabel Oyarzábal ; prólogo, Aurora Luque ; edición y traducción, Andrés Arenas, Enrique Girón. |
| 250 | _a2ª ed.: Ediciones del Genal, 2020. | ||
| 260 |
_aMálaga : _bPromotora Cultural Malagueña, _c2020. |
||
| 300 |
_a543 páginas : _bilustraciones (blanco y negro) ; _c22 cm. |
||
| 500 | _aÍndice onomástico | ||
| 500 | _aCronología | ||
| 500 | _aApéndice documental | ||
| 600 | 1 | 4 |
_aPalencia, Isabel de, _d1878-1974 _9175865 |
| 700 | 1 |
_aLuque, Aurora, _d1962- _eaui _974810 |
|
| 700 | 1 |
_aArenas Gómez, Andrés _etrl _9176637 |
|
| 700 | 1 |
_aGirón Irueste, Enrique _9174772 _etrl |
|
| 852 | 4 |
_aES-MaACL _bR.153389 _cDEPO1 _dOlim: N-7991 _hDonación: Editorial _jA-14991 _9197954 |
|
| 942 |
_cMONOGRAFIA _n0 |
||
| 999 |
_c190772 _d190772 |
||